Obálka Náhled e-knihy:
PDF
Pro půjčování e-knih musíte být přihlášeni.
Jak si půjčit online?

Deník mopse. Mops, co má talent /

Další pokračování deníkových záznamů roztomilého mopse Barona z Bublin, zvaného Bubi.

Uloženo v:
Série:Deník mopse, část 4
Hlavní autor: May, Kyla (Autor, Ilustrátor)
Další autoři: Krejčová, Šárka, 1989- (Autor)
Médium: E-kniha
Jazyk:Czech
Vydáno: V Brně : CPress, 2023
Vydání:1. vydání
Témata:
Příbuzné jednotky:Z cyklu:: Deník mopse
Tagy:
Žádné tagy
LEADER 02464nam a2200517 i 4500
001 311841
003 CZ PrSKC
005 20260601215712.0
007 ta
008 230217s2023 xr a b 000 j cze
015 |a cnb003500368 
020 |a 9788026446125  |q (vázáno) :  |c Kč 249,00 
035 |a (OCoLC)1375349328 
040 |a ABG001  |b cze  |e rda 
041 1 |a cze  |h eng 
072 7 |a 821.111-3  |x Anglická próza, anglicky psaná  |2 Konspekt 
072 7 |a 821-93  |x Literatura pro děti a mládež (beletrie)  |2 Konspekt 
080 |a 821.111(94)-32  |2 MRF 
080 |a 821-93  |2 MRF 
080 |a (0:82-32)  |2 MRF 
100 1 |a May, Kyla  |7 xx0190792  |4 aut  |4 ill 
240 1 0 |a Pug's got talent.  |l Česky 
245 1 0 |a Deník mopse.  |p Mops, co má talent /  |c Kyla May ; z anglického originálu Pug's got talent ... přeložila Šárka Krejčová 
246 3 0 |a Mops, co má talent 
250 |a 1. vydání 
264 1 |a V Brně :  |b CPress,  |c 2023 
300 |a 73 stran :  |b barevné ilustrace ;  |c 22 cm 
336 |a text  |b txt  |2 rdacontent 
336 |a statický obraz  |b sti  |2 rdacontent 
337 |a bez média  |b n  |2 rdamedia 
338 |a svazek  |b nc  |2 rdacarrier 
500 |a Na hřbetu knihy označení: 4 
520 2 |a Další pokračování deníkových záznamů roztomilého mopse Barona z Bublin, zvaného Bubi.  |b Bubiho panička Bella dostala skvělý nápad - uspořádá talentovou soutěž pro domácí mazlíčky. Bubi se nemůže dočkat, až publikum ohromí svými kousky na skateboardu a úžasným kostýmem. Zničehonic se ale objeví další mazlíček, který má působivý talent. Nakladatelská anotace. Kráceno. 
521 8 |a Pro čtenáře od 6 let 
655 7 |a australské příběhy  |7 fd230221  |2 czenas 
655 7 |a publikace pro děti  |7 fd133156  |2 czenas 
655 9 |a Australian stories  |2 eczenas 
655 9 |a children's literature  |2 eczenas 
700 1 |a Krejčová, Šárka,  |d 1989-  |7 xx0243977  |4 trl 
787 0 8 |i Z cyklu:  |t Deník mopse  |g 4 
900 |a ABA001  |b 20 
928 9 |a Albatros Media - CPress 
044 |a xr 
910 |a RBIT002 
998 |d 367822  |a https://core.palmknihy.cz/api/books/367822/cover?sihcm4  |b https://core.palmknihy.cz/api/books/367822/cover/400?sihcm4  |c https://core.palmknihy.cz/api/books/367822/cover/50?sihcm4  |e 2028-03-01  |g 80  |i 9788026446125  |k https://core.palmknihy.cz/api/books/367822/preview.pdf  |l   |q 49  |r 1  |s https://www.palmknihy.cz/kniha/367822  |t ebook  |y 2023  |z 0  |v Deník mopse  |w 4 
999 |d 311839